<?xml version="1.0" encoding="UTF-8"?>
<record
    xmlns:xsi="http://www.w3.org/2001/XMLSchema-instance"
    xsi:schemaLocation="http://www.loc.gov/MARC21/slim http://www.loc.gov/standards/marcxml/schema/MARC21slim.xsd"
    xmlns="http://www.loc.gov/MARC21/slim">

  <leader>00669nam a2200217Ia 4500</leader>
  <datafield tag="999" ind1=" " ind2=" ">
    <subfield code="c">41081</subfield>
    <subfield code="d">41081</subfield>
  </datafield>
  <controlfield tag="001">7730</controlfield>
  <controlfield tag="003">GE_BSU</controlfield>
  <controlfield tag="005">20220923105226.0</controlfield>
  <controlfield tag="008">181216s2012ge  xx |||||||||||||| ||geo||</controlfield>
  <datafield tag="020" ind1=" " ind2=" ">
    <subfield code="a">9781118122303 (e-bk).</subfield>
  </datafield>
  <datafield tag="040" ind1=" " ind2=" ">
    <subfield code="c">GE_BSU</subfield>
  </datafield>
  <datafield tag="041" ind1=" " ind2=" ">
    <subfield code="a">geo</subfield>
  </datafield>
  <datafield tag="080" ind1=" " ind2=" ">
    <subfield code="a">711.011 G-53</subfield>
  </datafield>
  <datafield tag="100" ind1=" " ind2=" ">
    <subfield code="a">GIBBS,ROBERT J.</subfield>
    <subfield code="9">14714</subfield>
  </datafield>
  <datafield tag="245" ind1=" " ind2=" ">
    <subfield code="a">PRINCIPLES OF URBAN RETAIL :</subfield>
    <subfield code="b">PLANNING AND DEVELOPMENT  /</subfield>
    <subfield code="c">ROBERT J. GIBBS</subfield>
  </datafield>
  <datafield tag="264" ind1=" " ind2=" ">
    <subfield code="a">America :</subfield>
    <subfield code="b">WILEY,</subfield>
    <subfield code="c">2012.</subfield>
  </datafield>
  <datafield tag="300" ind1=" " ind2=" ">
    <subfield code="a">227 p;</subfield>
    <subfield code="b">24 cm.</subfield>
  </datafield>
  <datafield tag="653" ind1=" " ind2=" ">
    <subfield code="a">RINCIPLES OF URBAN RETAIL.</subfield>
  </datafield>
  <datafield tag="653" ind1=" " ind2=" ">
    <subfield code="a">&#x10E3;&#x10E0;&#x10D1;&#x10D0;&#x10DC;&#x10E3;&#x10DA;&#x10D8; &#x10E1;&#x10D0;&#x10EA;&#x10D0;&#x10DA;&#x10DD; &#x10D5;&#x10D0;&#x10ED;&#x10E0;&#x10DD;&#x10D1;&#x10D8;&#x10E1; &#x10DE;&#x10E0;&#x10D8;&#x10DC;&#x10EA;&#x10D8;&#x10DE;&#x10D4;&#x10D1;&#x10D8;.</subfield>
  </datafield>
  <datafield tag="942" ind1=" " ind2=" ">
    <subfield code="c">BK</subfield>
    <subfield code="2">udc</subfield>
  </datafield>
  <datafield tag="952" ind1=" " ind2=" ">
    <subfield code="0">0</subfield>
    <subfield code="1">0</subfield>
    <subfield code="2">udc</subfield>
    <subfield code="4">0</subfield>
    <subfield code="6">711011_G53</subfield>
    <subfield code="7">0</subfield>
    <subfield code="9">47247</subfield>
    <subfield code="a">CPL</subfield>
    <subfield code="b">SPL</subfield>
    <subfield code="c">GEN</subfield>
    <subfield code="d">2018-12-17</subfield>
    <subfield code="g">132.00</subfield>
    <subfield code="o">711.011 G-53</subfield>
    <subfield code="p">24111</subfield>
    <subfield code="r">2018-12-17</subfield>
    <subfield code="t">24111</subfield>
    <subfield code="w">2018-12-17</subfield>
    <subfield code="y">BK</subfield>
    <subfield code="z">132.00</subfield>
  </datafield>
</record>
